Statistics for last 10 NBA champions

Click here to take the quiz!

General Stats

  • This quiz has been taken 15 times
  • The average score is 8 of 10

Answer Stats

Answer% Correct
lakers
93%
nuggets
93%
warriors
93%
warriors
93%
warriors
93%
warriors
93%
bucks
80%
spurs
80%
raptors
67%
caviliers
20%

Score Distribution

Percentile by Number Answered

Percent of People with Each Score

Your Score History

You have not taken this quiz